| 000 | 00543nam a2200193Ia 4500 | ||
|---|---|---|---|
| 005 | 20250425160644.0 | ||
| 008 | 250425s9999 xx 000 0 und d | ||
| 041 | _aspa | ||
| 082 | _a620.4 | ||
| 245 | 0 | _aCEMENTOS: DETERMINACION DEL OXIDO FERRICO Y DEL OXIDO DE ALUMINIO | |
| 250 | _a1A ED. | ||
| 260 |
_aEcuador _bINEN _c1975 |
||
| 260 | _aS.L. | ||
| 500 | _aD-14547 s/300. INEN BIBL. 28.06.94 NORMA INEN 193: 1975-10 DONACION | ||
| 650 | _aREDES DE COMPUTADORAS | ||
| 650 | _aSISTEMAS OPERATIVOS | ||
| 942 | _c01 | ||
| 010 | _a1428 | ||
| 999 |
_c193508 _d193508 |
||